Russia / (Record no. 1263)

MARC details
000 -LEADER
fixed length control field 01387cam a2200397 a 4500
005 - DATE AND TIME OF LATEST TRANSACTION
control field 20260322212053.0
008 - FIXED-LENGTH DATA ELEMENTS--GENERAL INFORMATION
fixed length control field data
010 ## - LIBRARY OF CONGRESS CONTROL NUMBER
LC control number 97038878
020 ## - INTERNATIONAL STANDARD BOOK NUMBER
International Standard Book Number 0679891188 (trade)
020 ## - INTERNATIONAL STANDARD BOOK NUMBER
International Standard Book Number 0679991182 (lib. bdg.)
020 ## - INTERNATIONAL STANDARD BOOK NUMBER
International Standard Book Number 9780679891185 (trade)
020 ## - INTERNATIONAL STANDARD BOOK NUMBER
International Standard Book Number 9780679991182 (lib. bdg.)
040 ## - CATALOGING SOURCE
Original cataloging agency DLC
Transcribing agency DLC
Modifying agency DLC
042 ## - AUTHENTICATION CODE
Authentication code lcac
043 ## - GEOGRAPHIC AREA CODE
Geographic area code e-ur-ru
-- e-ur-ru
050 00 - LIBRARY OF CONGRESS CALL NUMBER
Classification number DK41
Item number .M965 1998
082 00 - DEWEY DECIMAL CLASSIFICATION NUMBER
Classification number 947
Edition information 21
092 ## - LOCALLY ASSIGNED DEWEY CALL NUMBER (OCLC)
Classification number 947 Mur 1998
001 - CONTROL NUMBER
control field data
100 1# - MAIN ENTRY--PERSONAL NAME
Personal name Murrell, Kathleen Berton.
245 10 - TITLE STATEMENT
Title Russia /
Statement of responsibility, etc. Kathleen Berton Murrell & Andy Crawford.
250 ## - EDITION STATEMENT
Edition statement 1st American ed.
260 ## - PUBLICATION, DISTRIBUTION, ETC.
Place of publication, distribution, etc. New York :
Name of publisher, distributor, etc. Alfred A. Knopf,
Date of publication, distribution, etc. 1998.
300 ## - PHYSICAL DESCRIPTION
Extent 59 p. :
Other physical details col. ill. ;
Dimensions 29 cm.
490 0# - SERIES STATEMENT
Series statement Eyewitness books ;
Volume/sequential designation v. 73
500 ## - GENERAL NOTE
General note Includes index.
520 ## - SUMMARY, ETC.
Summary, etc. An overview of the land, people, history, and culture of Russia from its earliest days to the present.
651 #0 - SUBJECT ADDED ENTRY--GEOGRAPHIC NAME
Geographic name Russia
General subdivision Juvenile literature.
-- Juvenile literature.
651 #0 - SUBJECT ADDED ENTRY--GEOGRAPHIC NAME
Geographic name Soviet Union
General subdivision Juvenile literature.
-- Juvenile literature.
651 #0 - SUBJECT ADDED ENTRY--GEOGRAPHIC NAME
Geographic name Russia (Federation)
General subdivision Juvenile literature.
Chronological subdivision 1991-
General subdivision Juvenile literature.
651 #1 - SUBJECT ADDED ENTRY--GEOGRAPHIC NAME
Geographic name Russia
General subdivision History.
651 #1 - SUBJECT ADDED ENTRY--GEOGRAPHIC NAME
Geographic name Soviet Union
General subdivision History.
651 #1 - SUBJECT ADDED ENTRY--GEOGRAPHIC NAME
Geographic name Russia (Federation)
General subdivision History.
700 1# - ADDED ENTRY--PERSONAL NAME
Personal name Crawford, Andy,
Relator term ill.
856 42 - ELECTRONIC LOCATION AND ACCESS
Materials specified Publisher description
Uniform Resource Identifier <a href="http://www.loc.gov/catdir/description/random0410/97038878.html">http://www.loc.gov/catdir/description/random0410/97038878.html</a>
Holdings
Withdrawn status Lost status Damaged status Not for loan Home library Current library Shelving location Date acquired Total checkouts Full call number Barcode Date last seen Price effective from Koha item type
        Pleasant Valley Pleasant Valley General stacks 22/03/2026   947 21 BC0011304 22/03/2026 22/03/2026 Books